Представление документа в формате RUSMARC

ПолеНазваниеЗначение
  Тип записи a
  Библиографический уровень m
001 Контрольный номер UONB/MAIN/534969a0bc814ca8942a1e0d5f1bf62f
005 Дата корректировки 20260331112040.6
010 Индекс ISBN __
d Цена 71 к.
9 Тираж 4500 экз.
100 Данные общей обработки __
a Данные общей обработки 20260331d1966 u y0rusy0189 ca
101 Язык документа 0_
a Язык текста rus
102 Страна публикации __
a Страна публикации RU
105 Кодированные данные (монография) __
a Кодированные данные (монография) y z 001yy
200 Заглавие и сведения об ответственности 1_
a Заглавие Накануне революции 1911 г. в Китае
f Первые сведения об ответственности Ю. В. Чудодеев
e Сведения, относящиеся к заглавию конституционное движение либеральной буржуазной-помещичьей оппозиции
g Последующие сведения об ответственности Академия наук СССР, Институт народов Азии
203 Вид содержания и тип средства __
a Вид содержания Текст
b Характеристика содержания визуальный
c Тип средства непосредственный
210 Выходные данные 1_
a Место издания Москва
c Издательство Наука
d Дата издания 1966
215 Физическое описание __
a Объем 200 с.
d Формат 20 см
320 Библиография __
a Библиография Библиогр.: с. 191-200
606 Тематические рубрики 0_
x Основная подрубрика История
y Географическая подрубрика Китайская Народная республика
z Хронологическая подрубрика 1900-1911
606 Тематические рубрики 0_
a Основная рубрика Буржуазия в Китае
x Основная подрубрика История
606 Тематические рубрики 0_
a Основная рубрика Китайская революция 1911 г.
x Основная подрубрика История
610 Ключевые слова 0_
a Ключевые слова Китайская Народная Республика; революция 1900-1911 г.
675 Индекс УДК __
a Индекс УДК 9(4/9)32(5)
686 Индексы других классификаций __
a Классификационный индекс 63.3(5Кит)53
2 Код системы rubbk
700 Автор _1
a Фамилия Чудодеев
b Имя (инициалы) Ю. В.
g Полное личное имя Юрий Владимирович
712 Наименование организации (Вторичная ответственность) 02
a Организация/ юрисдикция Академия наук СССР
b Другие уровни Институт народов Азии
4 Код отношения 570
801 Источник записи _0
a Страна RU
b Организация Ульяновская ОНБ
c Дата составления 20260331
g Правила каталогизации RCR
801 Источник записи _1
a Страна RU
b Организация Ульяновская ОНБ
c Дата составления 20260331
g Правила каталогизации RCR
901 Тип документа __
t Тип документа m
909 Создатель записи __
a Создатель записи Полина
b Дата создания записи 20260331